Central Library OPAC University of Rajshahi

মানুষের ধর্ম্ম / (Record no. 57640)

MARC details
000 -LEADER
fixed length control field 00835nam a2200229 a 4500
001 - CONTROL NUMBER
control field 57640
003 - CONTROL NUMBER IDENTIFIER
rucl marc code BD-RjUL
005 - DATE AND TIME OF LATEST TRANSACTION
control field 20211209080534.0
008 - FIXED-LENGTH DATA ELEMENTS--GENERAL INFORMATION
fixed length control field 161211s1959 pk b 000 0 ben
035 ## - SYSTEM CONTROL NUMBER
System control number (BD-RjUL)57764
040 ## - CATALOGING SOURCE
Original cataloging agency DLC
Transcribing agency OClU
Modifying agency BD-RjUL
Language of cataloging ben/eng
041 ## - LANGUAGE CODE
Language code of text/sound track or separate title ben
082 00 - DEWEY DECIMAL CLASSIFICATION NUMBER
Classification number 100
Author mark and year BAM 1959
Edition number 23
100 1# - MAIN ENTRY--PERSONAL NAME
Personal name বরকতুল্লাহ, মোহম্মদ
9 (RLIN) 8378
245 10 - TITLE STATEMENT
Title মানুষের ধর্ম্ম /
Statement of responsibility, etc. মোহম্মদ বরকতুল্লাহ
250 ## - EDITION STATEMENT
Edition statement ৩য় (পরিবর্দ্ধিত) সং
260 ## - PUBLICATION, DISTRIBUTION, ETC. (IMPRINT)
Place of publication, distribution, etc. ঢাকা :
Name of publisher, distributor, etc. গ্রেট-ইষ্ট লাইব্রেরী,
Date of publication, distribution, etc. ১৯৫৯
300 ## - PHYSICAL DESCRIPTION
Pagination [৮], ২২১, [১১] পৃ. ;
Size ১৯ সেমি.
650 #0 - SUBJECT ADDED ENTRY--TOPICAL TERM
Topical term or geographic name as entry element দর্শন
9 (RLIN) 8216
Topical term or geographic name as entry element Philosophy
9 (RLIN) 8379
942 ## - ADDED ENTRY ELEMENTS (KOHA)
Source of classification or shelving scheme Dewey Decimal Classification
Koha item type Books
Holdings
Lost status Source of classification or shelving scheme Damaged status Not for loan Collection code Permanent Location Current Location Shelving location Date acquired Source of acquisition Cost, normal purchase price Total Checkouts Full call number Date last seen Copy number Koha item type
  Dewey Decimal Classification   Not For Loan Non-fiction Central Library, University of Rajshahi Central Library, University of Rajshahi Reading Room 20/12/1961 Faruque library, Rajshahi. 3.00   B 100 BAM 1959 11/12/2016 C-1 Books
  Dewey Decimal Classification     Non-fiction Central Library, University of Rajshahi Central Library, University of Rajshahi   20/12/1961 Rajshahi : Faruk Library 3.00   B 100 BAM 1959 04/03/2020 C-2 Books